000 014950000a22003370004500
003 EG-GICUC
005 20250223025002.0
008 070816s2007 ua f m 000 0 eng d
040 _aEG-GICUC
_beng
_cEG-GICUC
041 0 _aEng
049 _aDeposite
097 _aM.Sc
099 _aCai01.12.05.M.Sc.2007.Ra.M
100 0 _aRania Anwar Zaki
245 1 0 _aMicrobial transformaton of diosgenin and progesterone for the production of some steroidal drug hormones /
_cRania Anwar Zaki ; Supervised Abdelaziz Mahmoud Salama , Nadia Naim Ahmed
246 1 5 _aالتحويل الميكروبى للدايوزجينين والبروجستيرون لانتاج بعض الهرمونات الدوائية الاستيرويدية
260 _aCairo :
_bRania Anwar Zaki ,
_c2007
300 _a170leaves ;
_c30cm
502 _aThesis (M.Sc.) - Cairo University - Faculty Of Science - Department Of Botany (Microbiology)
520 _aThe immobilization of the fungus cells by entrapment in calcium alginate gel was with higher bioconversion efficiency than agarose.it was found that calcium alginate at aconcentration of 2 hunderd percent
530 _aIssued also as CD
653 4 _aCalcium alginate
653 4 _adiosgenin
653 4 _aprogesterone
700 0 _aAbdelaziz Mahmoud Salama ,
_eSupervisor
700 0 _aNadia Naim Ahmed ,
_eSupervisor
856 _uhttp://172.23.153.220/th.pdf
905 _aAmira
_eCataloger
905 _aEsam
_eRevisor
942 _2ddc
_cTH
999 _c3228
_d3228